La enseñanza de la historia en México /

-д хадгалсан:
Номзүйн дэлгэрэнгүй
Үндсэн зохиолч: Zepeda Rincón, Tomás (autor)
Бусад зохиолчид: Caso, Antonio (preliminares) (preliminares)
Формат: Ном
Хэл сонгох:испани
Нөхцлүүд:
Шошгууд: Шошго нэмэх
Шошго байхгүй, Энэхүү баримтыг шошголох эхний хүн болох!

MARC

LEADER 00000nam^a2200000^a^4500
001 000126615
005 20250521000000.0
009 20260310094733.399
037 |a Acervo ITESO - Biblioteca 
041 |a ESP 
082 |a 907.  |b ZEP 
100 |a Zepeda Rincón, Tomás  |e (autor) 
245 1 3 |a La enseñanza de la historia en México /  |c T. Zepeda Rincón ; prelim. de A. Caso. 
264 |a México :  |b edición de autor,  |c 1933 
300 |a 115 p. 
336 |a texto  |b txt  |2 rdacontenido 
337 |a sin mediación  |b n  |2 rdamedio 
338 |a volumen  |b nc  |2 rdasoporte 
593 |a Tesis de Doctorado en Historia, UNAM 
649 |a XX 
650 |a Historia -  |x Estudio y Enseñanza 
650 |a Historia -  |x Investigación 
650 |a Historia -  |x Metodología 
650 |a Metodología Educativa 
650 |a Historiografía 
700 |a Caso, Antonio  |e (preliminares) 
910 |a Fondo Salvador Reynoso Reynoso 
920 |a Impresos - Tesis Externas 
930 |a Fondos Especiales 
905 |a 112 
901 |a 0800009259  |b IT2  |c ESP  |u 20250521 
902 |a https://opac.biblio.iteso.mx/vufind/Record/000126615